Análisis de omisiones y prioridades de conservación para los loros amenazados de Colombia. (Registro nro. 17495)

Detalles MARC
000 -CABECERA
Campo de control 01117nam a22002537a 4500
005 - FECHA Y HORA DE LA ULTIMA TRANSACCION
Campo de control 20180803170130.0
008 - ELEMENTOS DE LONGITUD FIJA—INFORMACION GENERAL
Campo de control 150627b2006 ck |||||r|||| 00| 0 spa d
040 ## - FUENTE DE CATALOGACIÓN
Agencia catalogadora original CO-BoIAVH
Agencia transcriptora CO-BoIAVH
041 ## - IDIOMA
Código de idioma para texto/pista de sonido o título separado Español
044 ## - PAÍS DE PUBLICACIÓN
País de publicación Colombia
090 ## - CLASIFICACIÓN LOCAL
Colección AR
Consecutivo 01878
100 1# - ASIENTO PRINCIPAL--NOMBRE PERSONAL
Nombre personal Velásquez-Tibatá, Jorge Iván
245 10 - MENCION DE TITULO
Título Análisis de omisiones y prioridades de conservación para los loros amenazados de Colombia.
Mención de responsabilidad Jorve Velasquez-Tibatá ... [et al].
260 ## - PUBLICACION, DISTRIBUCION, ETC. (PIE DE IMPRENTA)
Lugar de publicación, distribución, etc. Bogotá:
Nombre del editor, distribuidor, etc. Fundación Proaves,
Fecha de publicación, distribución, etc. 2006.
300 ## - DESCRIPCION FISICA
Extensión Año 2006, Nro 1, Octubre, Pag. 58-66
520 ## - NOTA DE RESUMEN, ETC.
Nota de resumen En este estudio se evalúa la representatividad de los loros amenazados de Colombia en el sistema de áreas protegidas y se identifican áreas prioritarias para su conservación.
650 1# - ASIENTO SECUNDARIO DE MATERIA - TERMINO TEMATICO
Término temático o nombre geográfico como elemento de entrada Loros amenazados
Subdivisión geográfica Colombia
650 1# - ASIENTO SECUNDARIO DE MATERIA - TERMINO TEMATICO
Término temático o nombre geográfico como elemento de entrada Áreas protegidas
Subdivisión geográfica Colombia
650 1# - ASIENTO SECUNDARIO DE MATERIA - TERMINO TEMATICO
Término temático o nombre geográfico como elemento de entrada GARP
650 1# - ASIENTO SECUNDARIO DE MATERIA - TERMINO TEMATICO
Término temático o nombre geográfico como elemento de entrada Conservación
700 1# - ASIENTO SECUNDARIO - NOMBRE PERSONAL
Nombre personal López-Arévalo, Hugo F.
773 0# - Item fuente:
Edición Año 2006, Nro 1, Octubre
Lugar, editorial y fecha de publicación Bogotá : Fundación ProAves, 2006-
Otro identificador del ítem - Codigo de Barras 038445
Título Revista Conservación Colombiana
Número Internacional Normalizado para Publicaciones Seriadas - ISSN 19001592
942 ## - ELEMENTOS ADICIONALES (KOHA)
Sistema de clasificación Local
Tipo de ítem Artículo
Existencias
Withdrawn status Lost status Sistema de Clasificación Damaged status No para préstamo Colección Fecha publicación (Año) Número revista Ubicación Permanente Ubicación actual Fecha de adquisición Datos de publicación Seriada Total Checkouts Número topográfico Inventario / Código de Barras Date last seen Ejemplar Price effective from Tipo de material
    Local   No para Préstamo Hemeroteca 2006 1 Bogotá Bogotá 27/06/2015 Fuera de circulación   AR-01878 AUTO_29222 27/06/2015 Ej. 1 27/06/2015 Artículo